|
|
|
|
| LEADER |
00000nam a2200000 a 4500 |
| 001 |
vtls001418852 |
| 003 |
SK-MaSNL |
| 005 |
20260301202417.0 |
| 008 |
251113s1999 xo ap r yy slo |
| 015 |
|
|
|a SNBA2001/11-03901
|
| 020 |
|
|
|a 8088901316
|
| 035 |
|
|
|a SNK000373659
|
| 035 |
|
|
|a urn:nbn:sk:snk-amkn8y
|
| 035 |
|
|
|a urn:nbn:sk:snk-am003bpu
|
| 035 |
|
|
|a DD7F12CA-216F-481C-A164-627E9DCD7181
|
| 040 |
|
|
|a SNK
|b slo
|c SNK
|e AACR2
|
| 041 |
0 |
|
|a slo
|
| 044 |
|
|
|a xo
|c SK
|
| 080 |
|
|
|a 796(082)=854=40
|2 1981
|
| 245 |
0 |
0 |
|a Materiály zo seminára Slovenskej olympijskej akadémie a State o výchove k olympizmu
|c [autori: Viera Bebčáková ... [et al.] ; zostavovateľ: Jozef Hrčka]
|
| 260 |
|
|
|a Bratislava
|b [Peter Mačura]
|c 1999
|
| 300 |
|
|
|a 86 s.
|b tab.
|c 21 cm
|
| 490 |
1 |
|
|a Zborník
|v 3/99
|
| 500 |
|
|
|a Čiast. text franc.
|
| 500 |
|
|
|a Údaj o aut. a zost. prevzatý z rubu tit. strany
|
| 500 |
|
|
|a Vyd. Slovenský olympijský výbor
|
| 504 |
|
|
|a Bibliogr. odkazy
|
| 650 |
0 |
7 |
|a šport
|x zborníky
|2 SNK
|9 298232
|
| 655 |
|
7 |
|a zbierky
|2 SNK
|9 70533
|
| 700 |
1 |
|
|a Bebčáková, Viera,
|d 1945-
|4 aut
|9 249110
|
| 700 |
1 |
|
|a Hrčka, Jozef,
|d 1930-
|4 com
|9 249116
|
| 710 |
0 |
|
|a Slovenský olympijský výbor
|4 vyd
|9 193778
|
| 830 |
|
0 |
|a Zborník
|9 281250
|
| 919 |
|
|
|a 80-88901-31-6
|
| 958 |
|
|
|a TL
|
| 958 |
|
|
|a NB
|
| 958 |
|
|
|a ZB
|
| 999 |
|
|
|c 898739
|d 900669
|
| 952 |
|
|
|t P60, <03>, [BOOK], {603}
|a SNK
|b SNK
|y PREZ
|7 0
|p 17A0312939
|o snkSC 105775
|i snkKSP 9842/2001
|0 0
|1 0
|4 0
|d 2001-08-20
|f 1
|l 0
|r 2025-09-26 00:00:00
|w 2026-02-24
|
| 952 |
|
|
|t P60, <04>, [BOOK], {604}
|a SNK
|b SNK
|y VYP
|7 0
|p 17A0312938
|o snkSC 105775 D1
|i snkKSP 9843/2001
|0 0
|1 0
|4 0
|d 2001-08-20
|l 0
|r 2005-01-02 00:00:00
|w 2026-02-24
|